Statistics for 100 Biggest U.S. Cities By Population

Click here to take the quiz!

General Stats

  • This quiz has been taken 17,472 times
    (17,466 since last reset)
  • The average score is 58 of 100

Answer Stats

HintAnswer% Correct
8,175,133New York City
99%
3,792,621Los Angeles
98%
2,695,598Chicago
97%
1,197,816Dallas
95%
399,457Miami
95%
2,099,451Houston
95%
805,235San Francisco
94%
608,660Seattle
93%
617,594Boston
93%
1,307,402San Diego
91%
1,526,006Philadelphia
91%
713,777Detroit
90%
1,445,632Phoenix
90%
420,003Atlanta
89%
601,723Washington, D.C.
88%
583,756Las Vegas
87%
583,776Portland
87%
600,158Denver
87%
343,829New Orleans
86%
1,327,407San Antonio
85%
790,390Austin
84%
459,787Kansas City, MO
82%
820,445Indianapolis
82%
382,578Minneapolis
82%
821,784Jacksonville
81%
620,961Baltimore
80%
601,222Nashville
80%
396,815Cleveland
80%
238,300Orlando
80%
466,488Sacramento
80%
945,942San Jose
79%
319,294Saint Louis
79%
579,999Oklahoma City
79%
305,704Pittsburgh
78%
335,709Tampa
78%
646,889Memphis
77%
787,033Columbus
76%
731,424Charlotte
75%
296,943Cincinnati
73%
261,310Buffalo
72%
649,121El Paso
71%
594,833Milwaukee
71%
403,892Raleigh
67%
741,206Fort Worth
66%
545,852Albuquerque
64%
597,337Louisville
64%
390,724Oakland
63%
520,116Tucson
63%
285,068Saint Paul
62%
408,958Omaha
61%
337,256Honolulu
59%
229,493Baton Rouge
57%
212,237Birmingham
57%
416,427Colorado Springs
56%
494,665Fresno
55%
391,906Tulsa
55%
277,140Newark
54%
437,994Virginia Beach
53%
233,209Madison, WI
50%
291,826Anchorage
49%
225,221Reno
49%
462,257Long Beach
48%
382,368Wichita
48%
258,379Lincoln, NE
45%
336,265Anaheim
43%
365,438Arlington, TX
43%
439,041Mesa
42%
287,208Toledo
41%
247,597Jersey City
41%
210,565Rochester, NY
40%
347,483Bakersfield
38%
305,215Corpus Christi
38%
208,916Spokane
36%
295,803Lexington, KY
36%
209,924San Bernardino, CA
36%
244,769Saint Petersburg
34%
303,871Riverside, CA
34%
242,803Norfolk
32%
228,330Durham, NC
31%
253,691Fort Wayne, IN
31%
269,666Greensboro
31%
325,078Aurora, CO
30%
324,528Santa Ana
30%
229,573Lubbock
26%
291,707Stockton, CA
25%
212,375Irvine, CA
24%
259,841Plano
23%
229,617Winston-Salem
23%
217,385Scottsdale
23%
216,961North Las Vegas
23%
236,091Laredo
22%
243,916Chula Vista, CA
21%
257,729Henderson
21%
226,721Glendale, AZ
20%
216,290Irving, TX
20%
236,126Chandler, AZ
18%
222,209Chesapeake, VA
16%
224,669Hialeah, FL
16%
214,089Fremont, CA
15%
226,876Garland, TX
14%

Score Distribution

Percentile by Number Answered

Percent of People with Each Score

Your Score History

You have not taken this quiz since the last reset